Letters from a self made merchant to his son. Being the letters written by John Graham

সংরক্ষণ করুন:
গ্রন্থ-পঞ্জীর বিবরন
প্রধান লেখক: Lorimer, George Horace (autor)
বিন্যাস: গ্রন্থ
ভাষা:ইংরেজি
প্রকাশিত: Nueva York Blue Ribbon Books 1927
বিষয়গুলি:
ট্যাগগুলো: ট্যাগ যুক্ত করুন
কোনো ট্যাগ নেই, প্রথমজন হিসাবে ট্যাগ করুন!

MARC

LEADER 00000nam a2200000 a 4500
001 UCI5083
003 CL-VaPUC
008 080314e19270000US |||||||||||||||||eng|d
082 0 4 |a 816  |b LOR  |2 21 
100 |a Lorimer, George Horace  |e autor  |9 527176 
245 1 0 |a Letters from a self made merchant to his son. Being the letters written by John Graham 
300 |a 296 p 
942 |c BK 
945 |d 20080314 00:00:00  |a rbrito 
260 |a Nueva York  |b Blue Ribbon Books  |c 1927 
500 |a Donación Padres Capuchinos 
600 0 7 |a GRAHAM, JOHN  |2 CL-VaPUC  |9 527177 
650 7 |a CORRESPONDENCIAS  |2 CL-VaPUC  |9 256500 
650 0 |a Literatura estadounidense  |9 317168 
583 |a last modification  |c 20080314 00:00:00  |k Rodrigo Vera 
999 |c 328846  |d 328844 
952 |0 0  |1 0  |4 0  |6 816_000000000000000_LOR_1927  |7 0  |8 X  |9 413026  |a FDOBUD  |b FDOBUD  |d 2019-11-22  |i 4411633  |o 816 LOR 1927  |p 4411633  |r 2019-11-22  |w 2019-11-22  |y BK_X  |k BUD